000 00378pab a2200157 454500
008 180718b2001 xxu||||| |||| 00| 0 eng d
100 _aKapoor, H.L.
245 _aPolice and public: discipline must flow from the top
260 _c2001
362 _a11 Jan
650 _aCorruption
650 _aPolice - India
650 _aPolice
773 _aStatesman
909 _a48638
999 _c48638
_d48638